কবচকুন্ডল / (Record no. 983)
[ view plain ]
| 000 -LEADER | |
|---|---|
| fixed length control field | 00636nam a22002297a 4500 |
| 001 - CONTROL NUMBER | |
| JCCL Control Number | 983 |
| 003 - CONTROL NUMBER IDENTIFIER | |
| JCCL marc code | BD-JhCC |
| 005 - DATE AND TIME OF LATEST TRANSACTION | |
| control field | 20200403134008.0 |
| 008 - FIXED-LENGTH DATA ELEMENTS--GENERAL INFORMATION | |
| fixed length control field | 171012s2012 bg |||| ||a| 00| 0 ben d |
| 020 ## - INTERNATIONAL STANDARD BOOK NUMBER | |
| International Standard Book Number | 9789845020510 |
| 035 ## - SYSTEM CONTROL NUMBER | |
| system control number | (BD-JhCC)983 |
| 040 ## - CATALOGING SOURCE | |
| Original cataloging agency | BD-JhCC |
| Modifying agency | BD-JhCC |
| 041 ## - LANGUAGE CODE | |
| Language code of Book | ben |
| 082 ## - DEWEY DECIMAL CLASSIFICATION NUMBER | |
| DDC Edition number | 23 |
| Classification number | 891.443 |
| Author mark and Year | JAH 2012 |
| 100 ## - MAIN ENTRY--PERSONAL NAME | |
| Personal name | জাহান, নাসরীন |
| 245 ## - TITLE STATEMENT | |
| Title | কবচকুন্ডল / |
| Statement of responsibility, etc | নাসরীন জাহান |
| 260 ## - PUBLICATION, DISTRIBUTION, ETC. (IMPRINT) | |
| Place of publication, distribution, etc | ঢাকা : |
| Name of publisher, distributor, etc | অন্য প্রকাশ, |
| Date of publication, distribution, etc | 2012 |
| 300 ## - PHYSICAL DESCRIPTION | |
| Pagination | 136 p. : |
| Dimensions | 21 cm. |
| 650 ## - SUBJECT ADDED ENTRY--TOPICAL TERM | |
| Topical term or geographic name as entry element | Bengali Novel |
| 942 ## - ADDED ENTRY ELEMENTS (KOHA) | |
| Source of classification or shelving scheme | Dewey Decimal Classification |
| Koha item type | Books |
| Koha issues (borrowed), all copies | 2 |
| Source of classification or shelving scheme | Damaged status | Not for loan | Home library | Current library | Date of accession | Cost, normal purchase price | Total Checkouts | Full call number | Barcode | Date last seen | Date checked out | Copy number | Koha item type |
|---|---|---|---|---|---|---|---|---|---|---|---|---|---|
| Dewey Decimal Classification | JCC Rouf Library | JCC Rouf Library | 10/11/2017 | 250.00 | 2 | 891.443 JAH 2012 | 1970 | 02/22/2024 | 02/08/2024 | C-1 | Books |